000 nam a22 7a 4500
999 _c8096
_d8096
008 171128b xxu||||| |||| 00| 0 eng d
100 _aZipes
_94541
245 _aArabian Night
260 _aU.K.
_bJ.Z.
_c1997